000 00684nam 22002173 4500
001 202058
010 _a972-95027-3-0
021 _aPT
_b1547
090 _a202058
100 _a20260506d u||y0pory50 ba
200 _aJ. C. Vieira de Castro
_fFernando Moniz Rebelo
_gedição organizada e apresentada por José Viale Moutinho
210 _aFafe
_cCâmara Municipal de Fafe
_d1993
215 _a343 p.
_cil. ; brochado
_d25 cm
225 _aCadernos culturais
_h4
606 _91250
_aBiografias
675 _a929
_vPT
_zpor
700 _917252
_a Rebelo
_bFernando Moniz
_f1927-1990
701 _91566
_aMoutinho
_bJosé Viale
_f1945-
801 _aPT
_bBMMN
_gRPC
830 _cVanda
990 _cLIVROS